000 01106nam a22003017a 4500
005 20240530110349.0
008 141215s2001 ua d g b 000 0 ara d
017 _a4592/2001
_bمصر . دار الكتب المصرية
020 _a9771014258
040 _aEG-CaGPL
041 0 _aara
082 0 4 _221
_a541.38\
_bع م
100 0 _aعبدالحكيم طه قنديل
245 1 0 _aمبادئ الكيمياء النووية /
_cعبدالحكيم طه قنديل
250 _aط 1
260 _aالقاهرة :
_bدار الفكر العربى ،
_c2001
300 _a267 ص :
_bايض ؛
_c24 سم
490 0 _aسلسلة الفكر العربى لمراجع العلوم الاساسية ؛
_v17
504 _aيشتمل على ارجاعات ببليوجرافية
650 0 4 _aالكيمياء النووية
650 0 4 _aالاشعاع
650 0 4 _aالكيمياء الاشعاعية
650 0 4 _aالنويات
650 0 4 _aالمفاعلات النووية
650 0 4 _aالنيوترونات
942 _2ddc
_cBK
999 _c60040
_d60040